000 01522nam a2200313 a 4500
001 000000520
003
005 20210601121250.0
008 081122s1975 dr ab 000 0 spa d
035 _a
040 _aBPMSU
_bspa
_cBPMSU
082 _a972.9304
_bL557s 1975
_222
100 1 _aLemonnier-Delafosse, J. B.
245 1 0 _aSegunda campaña de Santo Domingo :
_bguerra dominico-francesa de 1808 /
_cJ.B. Lemonnier-Delafosse.
260 _aSanto Domingo :
_bEditora de Santo Domingo,
_c1975.
300 _a291 p. :
_bil., map. ;
_c23 cm.
490 0 _aSociedad Dominicana de Bibliófilos;
_acultura dominicana
_v12
500 _aTraducción por el Lic. C. Armando Rodríguez
500 _aIncluye índice.
505 0 _tAdvertencia del traductor --
_tSumario --
_tFuerza marítima de la expedición --
_tIntroducción --
_tRecuerdos históricos y sucintos de la primera campaña --
_tRelación completa de la segunda campaña --
_tOpinión sobre Toussaint --
_tApéndices --
_tNotas del autor --
_tNotas del traductor --
_tMapas --
_tÍndices --
_tÍndice de nombres --
_tÍndice de materias.
534 _aTítulo original.
_tSeconde campagne de Saint-Domingue, du 1er. Decembre 1803 au 15 Juillet 1809.
590 _6Inventariado, 2021/VM
650 4 _aGuerra Dominico-francesa, 1808-
650 4 _aFranceses en Santo Domingo (República Dominicana)
_xHistoria .
651 4 _aRepública Dominicana
_xHistoria
_x
_y
700 1 _aRodríguez, C. Armando
_d1956-
_etr.
910 _aVMateo
942 _2ddc
_cBK
999 _c13548
_d13548